How my body works : (Record no. 102229)
[ view plain ]
| 000 -LEADER | |
|---|---|
| fixed length control field | 00746nam a2200181 a 4500 |
| 005 - DATE AND TIME OF LATEST TRANSACTION | |
| control field | 20140412111232.0 |
| 008 - FIXED-LENGTH DATA ELEMENTS--GENERAL INFORMATION | |
| fixed length control field | 020409s19uu xx 00 eng d |
| 050 ## - LIBRARY OF CONGRESS CALL NUMBER | |
| Classification number | M 611.61 |
| Item number | Ho83 1993 |
| 100 ## - MAIN ENTRY--PERSONAL NAME | |
| Personal name | Barille, Albert |
| 245 ## - TITLE STATEMENT | |
| Title | How my body works : |
| Remainder of title | the kidneys / |
| Statement of responsibility, etc | Albert Barille. |
| 260 ## - PUBLICATION, DISTRIBUTION, ETC. (IMPRINT) | |
| Place of publication, distribution, etc | London : |
| Name of publisher, distributor, etc | Orbis Publishing, |
| Date of publication, distribution, etc | 1993. |
| 300 ## - PHYSICAL DESCRIPTION | |
| Extent | 27 p. ; ill. |
| 440 ## - SERIES STATEMENT/ADDED ENTRY--TITLE | |
| Title | An Orbis Play & learn Collection |
| 520 ## - SUMMARY, ETC. | |
| Summary, etc | In this volume of How My Body Works you'll find out about the way your kidneys cleanse your blood and how urine gets rid of waste. Discover what you can do to help your kidneys i their important tasks. |
| 650 ## - SUBJECT ADDED ENTRY--TOPICAL TERM | |
| Topical term or geographic name as entry element | Kidneys |
| General subdivision | Juvenile literature |
| 650 ## - SUBJECT ADDED ENTRY--TOPICAL TERM | |
| Topical term or geographic name as entry element | Health and Fitness |
| General subdivision | Juvenile literature |
| Withdrawn status | Lost status | Damaged status | Use restrictions | Home library | Current library | Shelving location | Date acquired | Source of acquisition | Total Checkouts | Full call number | Barcode | Date last seen | Price effective from | Koha item type |
|---|---|---|---|---|---|---|---|---|---|---|---|---|---|---|
| Elizalde Library | Elizalde Library | Main Section | 04/09/2002 | M 611.61 Ho83 1993 | E0944 | 04/12/2014 | 04/12/2014 | Books |